Mysteries of prediction

Bibliographic Details
Main Author: Hall, Angus
Format: Book
Published: London : Bloomsbury books , 1991
Subjects:

MARC

LEADER 00000cam a2200000 7i4500
001 0000005169
002 000005581
005 20000330.0
020 |a 1854710303 
090 0 0 |a 001.94   |b GRE 
100 1 |a Hall, Angus 
245 1 0 |a Mysteries of prediction   |c by Angus Hall and Francis King 
260 |a London :   |b Bloomsbury books ,   |c 1991 
650 0 0 |a Prediction 
999 |a 025118   |b BUKU   |c PINJAMAN   |e PERPUSTAKAAN KOMUNITI PETALING JAYA